La ley antilavado y su vinculacin̤ con la defraudacin̤ fiscal

Detalles Bibliográficos
Autor principal: Bedolla Roco̕, Ral︢
Formato: eBook
Lenguaje:español
Publicado: Ciudad de Mx̌ico: Ediciones Fiscales ISEF, 2020
Materias:
Acceso en línea:Acceso restringido

MARC

LEADER 00000nam a22000007a 4500
005 20200604152647.0
007 cr|||| ||||
008 200604s2020 mx |||||s|||| 00||0 spa d
020 |a 978-607-541-220-7 
035 |a 31649 
040 |a vLex 
090 |c 10535  |d 10535 
100 1 |a Bedolla Roco̕, Ral︢ 
245 1 2 |a La ley antilavado y su vinculacin̤ con la defraudacin̤ fiscal  |h [Recurso electrn̤ico] /  |c Ral︢ Bedolla Roco̕ 
256 |a Servicio en ln̕ea 
260 |a Ciudad de Mx̌ico:  |b Ediciones Fiscales ISEF,  |c 2020 
300 |a 1 recurso electrn̤ico 
506 1 |a Disponible solo en los productos indicados  |d vLex Global  |d vLex Global (Academic Edition, excluding Law Schools)  |d vLex Global (U.S. Academic Edition, Law Schools)  |d vLex Global (U.S. Academic Edition, excluding Law Schools)  |d vLex Global (Academic Edition, Law Schools) 
650 0 4 |a Derecho Fiscal  |z Mx̌ico 
650 0 4 |a Derecho Constitucional  |z Mx̌ico 
740 0 |a vLex Libros (Servicio en ln̕ea) 
856 4 0 |u http://vlex.com/source/ley-antilavado-vinculacion-defraudacion-fiscal-31649  |z Acceso restringido 
942 |c BOOK